000 00513nam a22001697a 4500
003 NUST-PNEC
005 20170116180743.0
008 150112b xxu||||| |||| 00| 0 eng d
040 _cPNEC
082 _a158 RUS
100 _91204
_aRussell Bertrand
245 _aThe conquest of happiness.
_cBertrand Russell
260 _aNew York,
_bH. Liveright,
_cc1930
300 _a249 pages
_c21 cm
856 _uhttps://www.worldcat.org/title/conquest-of-happiness/oclc/772718&referer=brief_results
942 _2ddc
_cBK
999 _c62288
_d62288